000 00722nam a2200181 4500
999 _c512078
_d512078
008 191029b ||||| |||| 00| 0 eng d
100 _aGrover, D.K. et al
_912815
245 _aDecision-oriented information system for farmers: A study of Kisan call centres, Kisan knowledge management system, farmers portal and M-Kisan portal in Punjab
260 _bAgricultural Situation in India
300 _a76(3), Jun, 2019: p.35-39.
650 _aDecision oriented information system
_912816
650 _aKisan call center
_912817
650 _aKnowledge management system
_912818
650 _aM-Kisan Portal - India - Punjab
_912819
773 _aAgricultural Situation in India
906 _aFarmers
942 _2ddc
_cAR